Organizational behavior / (Record no. 347732)
[ view plain ]
| 000 -LEADER | |
|---|---|
| fixed length control field | 01179 a2200181 4500 |
| 020 ## - INTERNATIONAL STANDARD BOOK NUMBER | |
| International Standard Book Number | 0072535253 (hardcover) |
| 020 ## - INTERNATIONAL STANDARD BOOK NUMBER | |
| International Standard Book Number | 9780072535259 (hardcover) |
| 082 04 - DEWEY DECIMAL CLASSIFICATION NUMBER | |
| Classification number | 658.3 |
| 090 ## - LOCALLY ASSIGNED LC-TYPE CALL NUMBER (OCLC); LOCAL CALL NUMBER (RLIN) | |
| -- | 5320 |
| -- | 5320 |
| 100 1# - MAIN ENTRY--PERSONAL NAME | |
| Personal name | Kreitner, Robert. |
| 245 10 - TITLE STATEMENT | |
| Title | Organizational behavior / |
| Statement of responsibility, etc. | Robert Kreitner. |
| 250 ## - EDITION STATEMENT | |
| Edition statement | 6th ed. |
| 260 ## - PUBLICATION, DISTRIBUTION, ETC. | |
| Place of publication, distribution, etc. | [S.l.] : |
| Name of publisher, distributor, etc. | Mcgraw-Hill (Tx), |
| Date of publication, distribution, etc. | 2003. |
| 300 ## - PHYSICAL DESCRIPTION | |
| Extent | 1 v. (unpaged) ; |
| Dimensions | 26 cm. |
| 520 ## - SUMMARY, ETC. | |
| Summary, etc. | The fifth edition of this book targets undergraduates and MBA programmes. The authors approach to organizational behaviour is based on their belief that reading a textbook is hard work, but should be interesting (and sometimes fun). Thus, they consistently attempt to find a way to make complex ideas understandable through explanations, contemporary examples, and learning exercises. Wolves remain as a central theme because they provide an instructive and inspiring metaphor for modern organizational behaviour, being adaptable, dedicated team players and great communicators. These are key success attributes in the modern workplace. |
| 856 40 - ELECTRONIC LOCATION AND ACCESS | |
| Materials specified | Amazon.com |
| Uniform Resource Identifier | <a href="http://www.amazon.com/exec/obidos/ASIN/0072535253/chopaconline-20">http://www.amazon.com/exec/obidos/ASIN/0072535253/chopaconline-20</a> |
| 942 ## - ADDED ENTRY ELEMENTS (KOHA) | |
| Institution code [OBSOLETE] | NBS |
| Koha item type | Book |
| Call number prefix | 658.4 KRE |
| Withdrawn status | Lost status | Source of classification or shelving scheme | Damaged status | Not for loan | Permanent Location | Current Location | Date acquired | Total Checkouts | Full call number | Barcode | Date last seen | Date last checked out | Price effective from | Koha item type |
|---|---|---|---|---|---|---|---|---|---|---|---|---|---|---|
| Central Library (CL) | Central Library (CL) | 08/28/2013 | 2 | 658.3 KRE | NBS5422 | 06/02/2015 | 05/11/2015 | 08/28/2013 | Book |
